| 000 -LEADER |
| fixed length control field |
00682nam a22002057a 4500 |
| 008 - FIXED-LENGTH DATA ELEMENTS--GENERAL INFORMATION |
| fixed length control field |
131107b xxu||||| |||| 00| 0 ger d |
| 020 ## - INTERNATIONAL STANDARD BOOK NUMBER |
| International Standard Book Number |
3827259185 |
| 041 0# - LANGUAGE CODE |
| Language code of text/sound track or separate title |
ger |
| 080 ## - UNIVERSAL DECIMAL CLASSIFICATION NUMBER |
| Universal Decimal Classification number |
331 |
| 100 ## - Rafti |
| Rafti |
Faber, Andreas |
| 245 ## - TITLE STATEMENT |
| Title |
Ich bekomme den Job : |
| Statement of responsibility, etc |
Andreas Faber. |
| 260 ## - |
| -- |
Germany : |
| -- |
Markt + Technik Verlag ; |
| -- |
c2001 |
| 300 ## - |
| -- |
223 f. : |
| -- |
me il. ; |
| -- |
24 cm. |
| 505 ## - |
| -- |
Adressen und Links = [Adresat dhe Linqet] : f. 213 - 216 |
| 505 ## - |
| -- |
Literaturhinweise = Biliografi : f. 217 - 218 |
| 505 ## - |
| -- |
Stichwortverzeichnis = Index : f. 219 - 223 |
| 650 #0 - |
| -- |
Puna |
| 650 #0 - |
| -- |
Punësimi |
| 942 ## - ADDED ENTRY ELEMENTS (KOHA) |
| Source of classification or shelving scheme |
|
| Item type |
Books |